ჩვენ მშვიდობა [ნოტი] : (ბიბ.ჩანაწერი № 63742)
[ მარტივი ფორმატი ]
| 000 -ლიდერი | |
|---|---|
| ფიქსირებული სიგრძის საკონტროლო ველი | 02909nam a22002417a 4500 |
| 003 - საკონტროლო ნომრის იდენტიფიკატორი | |
| საკონტროლო ველი | Ge_BSU |
| 005 - ბოლო ოპერაციის თარიღი და დრო | |
| საკონტროლო ველი | 20251219145045.0 |
| 008 - ფიქსირებული სიგრძის მონაცემთა ელემენტები - ზოგადი ინფორმაცია | |
| ფიქსირებული სიგრძის საკონტროლო ველი | 251219s2020 ge ||||| |||| 00| 0 geo d |
| 020 ## - წიგნის საერთაშორისო სტანდარტული ნომერი | |
| International Standard Book Number | 9790802101463 |
| 041 ## - ენის კოდი | |
| Language code of text/sound track or separate title | geo |
| 080 ## - უნივერსალური ათობითი კლასიფიკაციის ინდექსი | |
| Universal Decimal Classification number | 784.4(479.22)(082) ჩ-55 |
| 245 ## - ცნობა სათაურის შესახებ | |
| Title | ჩვენ მშვიდობა [ნოტი] : |
| Remainder of title | ქართული ხალხური სიმღერა : 1907-2005 წლებში ჩაწერილი 40 რჩეული აუდიონიმუში / |
| Statement of responsibility, etc | ნოტებზე ჩაწერა და შეადგინა დავით შუღლიაშვილმა; მხატვარი ზაზა ლოდია; საქართველოს პარლამენტის ილია ჭავჭავაძის სახელობის ეროვნული ბიბლიოთეკა; თბილისის ვანო სარაჯიშვილის სახელობის სახელმწიფო კონსერვატორია; ფონდი ქართული გალობა = Chven Mshvidoba = Peace to Us : Georgian Traditional Folk Song : 40 select audio recordings of 1907-2005 / Transcribed and compiled by David Shugliashvili. |
| 264 ## - წარმოების, გამოცემის, დისტრიბუციის და სხვა ცნობები | |
| გამოცემის, წარმოების, დისტრიბუციის... ადგილი | თბილისი, |
| გამოცემის, წარმოების, დისტრიბუციის... თარიღი | 2020. |
| 300 ## - ფიზიკური აღწერა | |
| Extent | 280 გვ. : |
| Other physical details | ილ., ფოტ. ; |
| Dimensions | 28 სმ + 1 კომპარტ-დისკი (CD-ROM) |
| 500 ## - ზოგადი შენიშვნა | |
| General note | პარალ. ქართ., ინგლ. ენ. სიმღერების ტექსტები: გვ. 253. |
| 501 ## - შენიშვნა თანმხლებ მასალაზე | |
| With note | პირთა საძიებელი: გვ. 257. გეოგრაფიულ სახელთა საძიებელი : გვ. 261. ფოტოგალერეა (მომღერლები, სიმღერების ჩამწერები) : გვ. 265-274. CD - აუდიოჩანაწერთა ქრონომეტრაჟი და წყაროები : გვ. 277. |
| 653 ## - INDEX TERM--UNCONTROLLED | |
| Uncontrolled term | ქართული ხალხური სიმღერები |
| 700 ## - ADDED ENTRY--PERSONAL NAME | |
| Personal name | შუღლიაშვილი, დავით |
| Relator term | შემდგენელი |
| 9 (RLIN) | 26462 |
| 700 ## - ADDED ENTRY--PERSONAL NAME | |
| Personal name | ლოდია, ზაზა |
| Relator term | მხატვარი |
| 9 (RLIN) | 26563 |
| 710 ## - ADDED ENTRY--CORPORATE NAME | |
| Corporate name or jurisdiction name as entry element | საქართველოს პარლამენტის ილია ჭავჭავაძის სახელობის ეროვნული ბიბლიოთეკა |
| Subordinate unit | თბილისის ვანო სარაჯიშვილის სახელობის სახელმწიფო კონსერვატორია. ფონდი ქართული გალობა. |
| 9 (RLIN) | 26564 |
| 856 ## - ELECTRONIC LOCATION AND ACCESS | |
| Uniform Resource Identifier | https://dspace.nplg.gov.ge/bitstream/1234/322748/1/Chven_Mshvidoba.pdf |
| Link text | ელ. ვერსია |
| 942 ## - ADDED ENTRY ELEMENTS (KOHA) | |
| Source of classification or shelving scheme | |
| Koha item type | წიგნი |
| ჩამოწერის სტატუსი | დაკარგული ეგზემპლარის სტატუსი | კლასიფიკაციის წყარო ან თაროზე გაწყობის სქემა | დაზიანების სტატუსი | არ გაიცემა | მუდმივი მდებარეობა (დაცვის ადგილი) | ამჟამინდელი ადგილსამყოფელი | თაროზე განთავსების ადგილი | შეძენის თარიღი | ღირებულება, შესყიდვის ნორმალური ფასი | სრული შენახვის შიფრი | შტრიხკოდი | ბოლო ოპერაციის თარიღი | ეგზემპლარის მიმდევრობითი ნომერი (კეტერი?) | Uniform Resource Identifier | ფასის ძალაში შესვლის თარიღი | ეგზემპლარის სახეობა | საჯარო შენიშვნა |
|---|---|---|---|---|---|---|---|---|---|---|---|---|---|---|---|---|---|
| ბათუმის შოთა რუსთაველის სახელმწიფო უნივერსიტეტის მთავარი ბიბლიოთეკა | ბათუმის შოთა რუსთაველის სახელმწიფო უნივერსიტეტის მთავარი ბიბლიოთეკა | წიგნსაცავი | 2025-12-19 | 15.00 | 784.4(479.22)(082) ჩ-55 | 73287 | 2025-12-19 | 73287 | საჩუქარი საქართველოს ეროვნული ბიბლიოთეკისაგან | 2025-12-19 | წიგნი | 15 ლ. |
